[Event "26th WSCC 2016 Open 65+"]
[Site "Marianske Lazne, Czech Republic - Hotel Cristal and Continental"]
[Date "2016.11.28"]
[Round "9.50"]
[White "Montero Martinez, Cristhian"]
[Black "Chmelik, Jiri"]
[Result "1-0"]
[WhiteElo "2089"]
[BlackElo "2000"]
[PlyCount "77"]
[EventDate "2016.11.19"]

1. e4 c5 2. Nf3 d6 3. Bb5+ Nc6 4. O-O Bd7 5. Re1 e5 6. c3 a6 7. Bf1 Bg4 8. h3
Bh5 9. Na3 Nf6 10. Nc2 Be7 11. d4 O-O 12. d5 Na7 13. a4 b5 14. g4 Bg6 15. Nd2
Qd7 16. f3 Rfb8 17. Ne3 Bd8 18. Kh2 Ne8 19. Ng2 Nc8 20. Qe2 Na7 21. Qf2 Nc8 22.
f4 exf4 23. Nxf4 f6 24. h4 Bf7 25. g5 Nc7 26. Bh3 Qe8 27. Nf3 Ne7 28. gxf6 gxf6
29. Rg1+ Kh8 30. Qg3 Qf8 31. b4 Ng6 32. bxc5 dxc5 33. h5 Nxf4 34. Bxf4 Rb7 35.
Bd6 Qh6 36. Bxc5 Ne8 37. Rg2 bxa4 38. Rag1 Bc7 39. d6 1-0

[Event "26th WSCC 2016 Open 65+"]
[Site "Marianske Lazne, Czech Republic - Hotel Cristal and Continental"]
[Date "2016.11.28"]
[Round "9.51"]
[White "Ashby, Anthony C"]
[Black "Marsina, Stefan"]
[Result "1/2-1/2"]
[WhiteElo "2074"]
[BlackElo "1910"]
[PlyCount "108"]
[EventDate "2016.11.19"]

1. e4 e6 2. Nf3 d5 3. e5 d4 4. g3 Nc6 5. Bg2 Qd5 6. Qe2 Bc5 7. c4 Qd7 8. d3 f6
9. O-O Nge7 10. Nbd2 O-O 11. Nb3 b6 12. Nxc5 bxc5 13. exf6 gxf6 14. Nd2 Ng6 15.
Ne4 Rb8 16. Nxc5 Qe7 17. Ne4 Bb7 18. Rb1 Nd8 19. a3 f5 20. Bg5 Qg7 21. Nc5 Bxg2
22. Kxg2 Re8 23. Qd2 e5 24. Bxd8 Rbxd8 25. f3 Rd6 26. Rbe1 Rc6 27. b4 a5 28.
Qd1 axb4 29. axb4 Ra8 30. Rf2 Nf4+ 31. Kh1 Ne6 32. Nxe6 Rxe6 33. Qb3 Qe7 34. c5
Kg7 35. Qc4 c6 36. Rfe2 Rd8 37. Kg1 Kf6 38. Ra2 Qb7 39. Rea1 Rb8 40. Ra4 Qb5
41. Qc2 h5 42. Qd2 Kg6 43. h4 f4 44. gxf4 Kf5 45. Kh1 exf4 46. Rg1 Rg6 47. Rxg6
Kxg6 48. Qg2+ Kf7 49. Ra7+ Rb7 50. Rxb7+ Qxb7 51. Qg5 Qxb4 52. Qxf4+ Ke7 53.
Qe5+ Kf8 54. Qf6+ Kg8 1/2-1/2

[Event "26th WSCC 2016 Open 65+"]
[Site "Marianske Lazne, Czech Republic - Hotel Cristal and Continental"]
[Date "2016.11.28"]
[Round "9.53"]
[White "Sejkora, Vlastimil"]
[Black "Kotva, Milan"]
[Result "1-0"]
[WhiteElo "2195"]
[BlackElo "1999"]
[PlyCount "69"]
[EventDate "2016.11.19"]

1. e4 e5 2. Nf3 Nc6 3. Bb5 a6 4. Bxc6 dxc6 5. O-O f6 6. d4 Bg4 7. c3 Bd6 8. Be3
Qd7 9. Nbd2 Ne7 10. h3 Be6 11. Qe2 O-O 12. Rfd1 Ng6 13. dxe5 Nxe5 14. Nd4 Bf7
15. f4 Ng6 16. Qf2 Rfe8 17. Nf5 Rad8 18. Qf3 c5 19. Nxd6 cxd6 20. c4 b5 21. b3
f5 22. cxb5 axb5 23. exf5 Qxf5 24. g4 Qc8 25. Rac1 Nh4 26. Qg3 Qa8 27. Nf1 Ng6
28. Rd2 Ne7 29. f5 Qe4 30. Bg5 Qc6 31. Re1 Rd7 32. Rde2 Qb7 33. Qh4 Kf8 34. f6
Ng6 35. Qxh7 1-0

[Event "26th WSCC 2016 Open 65+"]
[Site "Marianske Lazne, Czech Republic - Hotel Cristal and Continental"]
[Date "2016.11.28"]
[Round "9.54"]
[White "Just, Pavel"]
[Black "Hanisch, Friedrich"]
[Result "1/2-1/2"]
[WhiteElo "1996"]
[BlackElo "2160"]
[PlyCount "51"]
[EventDate "2016.11.19"]

1. e4 e6 2. d4 d5 3. e5 c5 4. Nf3 Nc6 5. Bd3 Qb6 6. O-O c4 7. Be2 f6 8. exf6
Nxf6 9. c3 Bd6 10. b3 Na5 11. bxc4 dxc4 12. Na3 Qc6 13. Ne5 Bxe5 14. dxe5 Nd5
15. Bh5+ g6 16. Bf3 O-O 17. Nc2 Qd7 18. Ne3 Nxe3 19. Bxe3 Qc7 20. Qd6 Qxd6 21.
exd6 Bd7 22. Rab1 Rfb8 23. Rb4 Nc6 24. Bxc6 Bxc6 25. Rxc4 Bb5 26. Rc7 1/2-1/2

[Event "26th WSCC 2016 Open 65+"]
[Site "Marianske Lazne, Czech Republic - Hotel Cristal and Continental"]
[Date "2016.11.28"]
[Round "9.55"]
[White "Krstic, Slobodan"]
[Black "Lang, Ferdinand"]
[Result "0-1"]
[WhiteElo "1993"]
[BlackElo "2133"]
[PlyCount "66"]
[EventDate "2016.11.19"]

1. e4 e5 2. Bc4 Nf6 3. d3 d6 4. Nc3 c6 5. Nf3 Be7 6. h3 Nbd7 7. Be3 Nf8 8. Qe2
Ng6 9. O-O-O O-O 10. Bb3 b5 11. d4 Qc7 12. Ng5 a5 13. a4 bxa4 14. Nxa4 Ba6 15.
Qf3 exd4 16. Rxd4 c5 17. Rdd1 c4 18. Ba2 Rab8 19. h4 Qc6 20. Nc3 Qb7 21. Kd2 d5
22. Qf5 Qc7 23. Kc1 Qb7 24. e5 Qxb2+ 25. Kd2 Bb4 26. Bd4 Ne4+ 27. Ngxe4 dxe4
28. Qxe4 Bxc3+ 29. Bxc3 Rbd8+ 30. Ke2 Qxc3 31. f4 Qg3 32. Rd6 Nxf4+ 33. Kf1 c3+
0-1

[Event "26th WSCC 2016 Open 65+"]
[Site "Marianske Lazne, Czech Republic - Hotel Cristal and Continental"]
[Date "2016.11.28"]
[Round "9.56"]
[White "Hohler, Peter"]
[Black "Trojan, Lubos"]
[Result "1/2-1/2"]
[WhiteElo "2119"]
[BlackElo "1987"]
[PlyCount "60"]
[EventDate "2016.11.19"]

1. d4 d5 2. c4 e6 3. Nc3 Nf6 4. Bg5 Be7 5. e3 Nbd7 6. Nf3 O-O 7. Rc1 c6 8. Qc2
Re8 9. Bd3 h6 10. Bh4 a6 11. O-O Qa5 12. a3 b5 13. cxd5 cxd5 14. Qe2 Bb7 15.
Ne5 Qd8 16. Rfd1 Rc8 17. Bb1 Nxe5 18. dxe5 Nd7 19. Bxe7 Qxe7 20. f4 f6 21. exf6
Nxf6 22. h3 e5 23. Qf2 exf4 24. exf4 Ne4 25. Nxe4 dxe4 26. Rxc8 Rxc8 27. Qe3
Re8 28. Ba2+ Kh8 29. Bb1 Qf6 30. Rd4 Qe6 1/2-1/2

[Event "26th WSCC 2016 Open 65+"]
[Site "Marianske Lazne, Czech Republic - Hotel Cristal and Continental"]
[Date "2016.11.28"]
[Round "9.57"]
[White "Mojzis, Jaroslav"]
[Black "Davydov, Mihail"]
[Result "1-0"]
[WhiteElo "2116"]
[BlackElo "1986"]
[PlyCount "63"]
[EventDate "2016.11.19"]

1. Nf3 d5 2. g3 Nf6 3. Bg2 e6 4. O-O b6 5. d4 Nbd7 6. c4 Bb7 7. Nc3 Be7 8. cxd5
exd5 9. Ne5 O-O 10. Qa4 Nb8 11. Bg5 h6 12. Bxf6 Bxf6 13. Rfd1 c6 14. e4 b5 15.
Qb3 dxe4 16. Nxe4 Qe7 17. Ng6 Qe6 18. Qxe6 fxe6 19. Nxf8 Kxf8 20. Nc5 Bc8 21.
a4 b4 22. a5 Ke7 23. Ra4 Na6 24. Nxa6 Bxa6 25. Rxb4 Rc8 26. Bf1 Bxf1 27. Kxf1
Kd6 28. Rb7 a6 29. Ke2 Kd5 30. b3 Rd8 31. Ke3 Kd6 32. Ke4 1-0

[Event "26th WSCC 2016 Open 65+"]
[Site "Marianske Lazne, Czech Republic - Hotel Cristal and Continental"]
[Date "2016.11.28"]
[Round "9.58"]
[White "Jorgensen, Arne Bjorn"]
[Black "Joukl, Zdenek"]
[Result "0-1"]
[WhiteElo "1965"]
[BlackElo "2108"]
[PlyCount "54"]
[EventDate "2016.11.19"]

1. d4 d5 2. Nf3 Bf5 3. Bf4 e6 4. e3 Nf6 5. Bd3 Ne4 6. O-O Be7 7. c4 g5 8. Bg3
h5 9. h3 Nxg3 10. fxg3 Bxd3 11. Qxd3 dxc4 12. Qxc4 Nc6 13. Nc3 g4 14. hxg4 hxg4
15. Ne5 Nxe5 16. dxe5 Qd2 17. Qe2 Qxe2 18. Nxe2 Rh5 19. Rf4 Rxe5 20. Rxg4 O-O-O
21. Kf2 Rd2 22. Ke1 Rxb2 23. e4 b6 24. a3 f5 25. Rg8+ Kb7 26. Nc3 Rc2 27. Rg7
Bd6 0-1

[Event "26th WSCC 2016 Open 65+"]
[Site "Marianske Lazne, Czech Republic - Hotel Cristal and Continental"]
[Date "2016.11.28"]
[Round "9.59"]
[White "Ricter, Jean-Paul"]
[Black "Ladisic, Alex-Sacha"]
[Result "0-1"]
[WhiteElo "2108"]
[BlackElo "1970"]
[PlyCount "110"]
[EventDate "2016.11.19"]

1. e4 e5 2. f4 Bc5 3. Nf3 d6 4. c3 Nf6 5. d4 Bb6 6. Bd3 Nc6 7. Be3 Bg4 8. Qa4
Bd7 9. Qc2 Ng4 10. Bg1 exf4 11. Nbd2 Qe7 12. O-O-O a6 13. Nc4 Ba7 14. h3 Nh6
15. d5 Ne5 16. Nfxe5 dxe5 17. Bxa7 Rxa7 18. d6 cxd6 19. Nxd6+ Qxd6 20. Bb5
Qxd1+ 21. Rxd1 Bxb5 22. Qf2 Ra8 23. Qc5 f6 24. Qd5 Nf7 25. Qe6+ Kf8 26. Qb6 Bc6
27. Qc5+ Kg8 28. Qc4 g5 29. h4 Kg7 30. h5 Rhd8 31. Rh1 h6 32. Re1 Rd7 33. Qe6
Nd6 34. c4 Re8 35. Qh3 Rde7 36. c5 Bd7 37. Qb3 Rc8 38. Qd5 Nb5 39. Qxb7 Rxc5+
40. Kb1 Nc7 41. Qb4 Ne6 42. Rd1 Be8 43. Rd5 Rcc7 44. Rd6 Bxh5 45. Rxa6 f3 46.
gxf3 Bxf3 47. a4 g4 48. Ra8 Nd4 49. Qe1 Rc2 50. Qb4 Rcc7 51. Qe1 Ne2 52. Ka2 g3
53. Qb4 g2 54. Qb8 Kg6 55. Qg8+ Kh5 0-1

[Event "26th WSCC 2016 Open 65+"]
[Site "Marianske Lazne, Czech Republic - Hotel Cristal and Continental"]
[Date "2016.11.28"]
[Round "9.60"]
[White "Taksrud, Vidar"]
[Black "Carlsten, Peter"]
[Result "1/2-1/2"]
[WhiteElo "1964"]
[BlackElo "2099"]
[PlyCount "64"]
[EventDate "2016.11.19"]

1. d4 f5 2. e4 fxe4 3. Nc3 Nf6 4. Bg5 Nc6 5. f3 e5 6. d5 Nd4 7. Nxe4 Be7 8. d6
cxd6 9. Bxf6 gxf6 10. c3 d5 11. Ng3 Ne6 12. Qxd5 Nf4 13. Qb3 d5 14. O-O-O Qb6
15. Qc2 Be6 16. Nf5 Bf8 17. g3 Ng6 18. h4 O-O-O 19. h5 Ne7 20. Bd3 Nc6 21. Nh3
Kb8 22. Rde1 d4 23. cxd4 Nxd4 24. Nxd4 Rc8 25. Nxe6 Rxc2+ 26. Bxc2 Qxe6 27. Kb1
Bc5 28. g4 h6 29. Nf4 Qc4 30. Re4 Qa6 31. Nd3 Bd4 32. f4 Qb5 1/2-1/2

[Event "26th WSCC 2016 Open 65+"]
[Site "Marianske Lazne, Czech Republic - Hotel Cristal and Continental"]
[Date "2016.11.28"]
[Round "9.61"]
[White "Vavruska, Antonin"]
[Black "Green, Per"]
[Result "1/2-1/2"]
[WhiteElo "2096"]
[BlackElo "1967"]
[PlyCount "79"]
[EventDate "2016.11.19"]

1. e4 e6 2. d4 d5 3. e5 c5 4. Qg4 Qa5+ 5. Nd2 Nh6 6. Qf4 cxd4 7. Ngf3 Nc6 8.
Bd3 Nb4 9. Nxd4 Nxd3+ 10. cxd3 Bd7 11. O-O Qb6 12. Qf3 Bb5 13. Nxb5 Qxb5 14.
Nb3 Nf5 15. g4 Ne7 16. d4 Nc6 17. Bg5 Qa4 18. Rfd1 Rc8 19. a3 h6 20. Bf4 Be7
21. Qd3 Na5 22. Nd2 a6 23. b3 Qc6 24. b4 Nc4 25. Qb3 Nxd2 26. Bxd2 Qc2 27. Qxc2
Rxc2 28. Rac1 Rxc1 29. Rxc1 Kd7 30. a4 h5 31. h3 hxg4 32. hxg4 Rh3 33. Rc3 Rh4
34. Rg3 Rh8 35. Rb3 Rc8 36. b5 axb5 37. Rxb5 Kc6 38. Ba5 Rb8 39. Rb6+ Kd7 40.
Rb5 1/2-1/2

[Event "26th WSCC 2016 Open 65+"]
[Site "Marianske Lazne, Czech Republic - Hotel Cristal and Continental"]
[Date "2016.11.28"]
[Round "9.62"]
[White "Anguera Maestro, Jaime"]
[Black "Bauder, Herbert"]
[Result "1-0"]
[WhiteElo "2081"]
[BlackElo "1963"]
[PlyCount "103"]
[EventDate "2016.11.19"]

1. d4 Nf6 2. Nf3 g6 3. c4 Bg7 4. Nc3 O-O 5. e4 d6 6. h3 c5 7. d5 b5 8. cxb5 a6
9. Nd2 Nbd7 10. a4 axb5 11. Bxb5 Ba6 12. O-O Bxb5 13. Nxb5 Qb8 14. Ra3 Nb6 15.
b3 Rc8 16. Qc2 Ne8 17. Nc4 Nc7 18. Nxc7 Rxc7 19. Bd2 Nxc4 20. Qxc4 Rb7 21. Rb1
Qa7 22. a5 Qa6 23. Ra4 h5 24. Qxa6 Rxa6 25. b4 cxb4 26. Raxb4 Rxb4 27. Rxb4 Ra7
28. Rb5 Bd4 29. Be3 Bxe3 30. fxe3 Kg7 31. Kf2 Kf6 32. Kf3 Ke5 33. h4 f6 34. a6
f5 35. exf5 gxf5 36. Ra5 Kf6 37. Kf4 Kg6 38. e4 fxe4 39. Kxe4 Kf6 40. Kd4 Kf5
41. Kc4 e6 42. dxe6+ Kxe6 43. Kb5 d5 44. Kb6 Ra8 45. Kb7 Rd8 46. a7 Ke5 47.
a8=Q Rxa8 48. Kxa8 Ke4 49. Kb7 d4 50. Rxh5 d3 51. Kc6 d2 52. Rd5 1-0

[Event "26th WSCC 2016 Open 65+"]
[Site "Marianske Lazne, Czech Republic - Hotel Cristal and Continental"]
[Date "2016.11.28"]
[Round "9.63"]
[White "Scharff, Klaus"]
[Black "Nickl, Klaus"]
[Result "0-1"]
[WhiteElo "1934"]
[BlackElo "2075"]
[PlyCount "114"]
[EventDate "2016.11.19"]

1. Nf3 Nf6 2. g3 g6 3. d3 Bg7 4. Bg2 d6 5. e4 Nc6 6. O-O O-O 7. Ne1 e5 8. f4
exf4 9. gxf4 Bg4 10. Nf3 Nd4 11. c3 Nxf3+ 12. Bxf3 Bh3 13. Bg2 Bxg2 14. Kxg2 d5
15. e5 Nd7 16. d4 f5 17. Nd2 c6 18. Nf3 Re8 19. h4 Nf8 20. Rh1 h5 21. Rg1 Bh6
22. Kh3 Kh7 23. Ng5+ Bxg5 24. Rxg5 Ne6 25. Rg2 b5 26. Be3 Rg8 27. a4 a6 28. Qd3
Qd7 29. b3 Qf7 30. Rga2 Qb7 31. axb5 axb5 32. c4 Rxa2 33. Rxa2 dxc4 34. bxc4
Rd8 35. Rb2 Rxd4 36. Qb3 Nxf4+ 37. Kh2 Rd3 38. Bxf4 Rxb3 39. Rxb3 Qa7 40. Re3
Qd4 41. Kg3 Qd1 42. Kf2 Qg4 43. Bg5 f4 44. Rf3 Qe6 45. Bxf4 Qxc4 46. Kg3 b4 47.
Re3 Qe6 48. Kf3 b3 49. Re4 c5 50. Bc1 b2 51. Bxb2 Qb3+ 52. Re3 Qxb2 53. e6 Qf6+
54. Ke2 Qe7 55. Kd3 Kg7 56. Kc4 Qxh4+ 57. Kxc5 Qf2 0-1

[Event "26th WSCC 2016 Open 65+"]
[Site "Marianske Lazne, Czech Republic - Hotel Cristal and Continental"]
[Date "2016.11.28"]
[Round "9.64"]
[White "Cao, Jorge"]
[Black "Mueller, Lutz"]
[Result "1/2-1/2"]
[WhiteElo "1962"]
[BlackElo "2070"]
[PlyCount "89"]
[EventDate "2016.11.19"]

1. d4 Nf6 2. c4 g6 3. Nc3 Bg7 4. e4 d6 5. f3 O-O 6. Be3 e5 7. d5 Nh5 8. Qd2 f5
9. O-O-O Nd7 10. Kb1 a5 11. Bd3 Nc5 12. Bc2 Bd7 13. Nge2 Kh8 14. h3 f4 15. Bf2
Bf6 16. h4 Kg7 17. g4 fxg3 18. Nxg3 Nxg3 19. Bxg3 Kh8 20. Rdg1 Qe7 21. h5 g5
22. h6 a4 23. Bf2 Rg8 24. Bd1 Rg6 25. Be3 Rag8 26. Bxc5 dxc5 27. Bxa4 g4 28.
Bxd7 Qxd7 29. fxg4 Bg5 30. Qf2 Rf6 31. Qxc5 Rgf8 32. Rd1 b6 33. Qb5 Qf7 34. d6
cxd6 35. Nd5 Rf3 36. Nxb6 Be3 37. Rxd6 Qf4 38. Qd5 Bd4 39. Rd8 Rf1+ 40. Rxf1
Qxf1+ 41. Kc2 Qe2+ 42. Kb3 Qxb2+ 43. Ka4 Qxa2+ 44. Kb4 Qb2+ 45. Ka4 1/2-1/2

[Event "26th WSCC 2016 Open 65+"]
[Site "Marianske Lazne, Czech Republic - Hotel Cristal and Continental"]
[Date "2016.11.28"]
[Round "9.65"]
[White "Sand, Rolf"]
[Black "Barboza, Mauro"]
[Result "1/2-1/2"]
[WhiteElo "2068"]
[BlackElo "1944"]
[PlyCount "142"]
[EventDate "2016.11.19"]

1. c4 Nf6 2. g3 e5 3. Bg2 Nc6 4. Nc3 Be7 5. Nf3 d6 6. O-O Rb8 7. d4 exd4 8.
Nxd4 Nxd4 9. Qxd4 a6 10. b3 Ng4 11. Bb2 Bf6 12. Qd2 h5 13. Nd5 Bxb2 14. Qxb2
Kf8 15. h3 Ne5 16. c5 Ng6 17. cxd6 c6 18. Ne3 Qxd6 19. Rad1 Qc7 20. Qd4 Be6 21.
h4 Ne5 22. f4 Ng4 23. f5 Bd5 24. Nxg4 Bxg2 25. Kxg2 hxg4 26. Qxg4 Rh6 27. Qf4
Rc8 28. Qxc7 Rxc7 29. Rf4 Ke7 30. Kh3 c5 31. Re4+ Kf6 32. g4 g5 33. Rd6+ Kg7
34. Rxh6 Kxh6 35. h5 b5 36. Re3 a5 37. a4 b4 38. Re5 c4 39. bxc4 Rxc4 40. Rxa5
Re4 41. Rb5 Re3+ 42. Kg2 Rxe2+ 43. Kf3 Rb2 44. a5 b3 45. Rb6+ Kh7 46. a6 Ra2
47. Rxb3 Rxa6 48. Rb4 Kg7 49. Ke4 Rc6 50. Rd4 Ra6 51. Ke5 Rb6 52. Rd6 Rb5+ 53.
Rd5 Rb6 54. Rd4 Ra6 55. Kd5 Ra1 56. Kd6 Rf1 57. Ke5 Rf2 58. Rd6 Re2+ 59. Kd5
Rd2+ 60. Kc6 Rc2+ 61. Kd7 Rc4 62. h6+ Kh7 63. Ke7 Rxg4 64. Kxf7 Rf4 65. Rf6 g4
66. Ke6 Re4+ 67. Kd5 Re1 68. Rg6 Rg1 69. Ke4 g3 70. Ke5 g2 71. Kf4 Rh1 1/2-1/2

[Event "26th WSCC 2016 Open 65+"]
[Site "Marianske Lazne, Czech Republic - Hotel Cristal and Continental"]
[Date "2016.11.28"]
[Round "9.66"]
[White "Drozdov, Vladimir E"]
[Black "Zhelesny, Stanislav"]
[Result "0-1"]
[WhiteElo "1919"]
[BlackElo "2067"]
[PlyCount "96"]
[EventDate "2016.11.19"]

1. e4 c6 2. d4 d5 3. Nc3 dxe4 4. Nxe4 Nf6 5. Nxf6+ gxf6 6. Nf3 Bf5 7. Bd3 Bg6
8. Bf4 Nd7 9. O-O Bg7 10. Re1 O-O 11. Qd2 Re8 12. Rad1 e5 13. dxe5 Nxe5 14. Be2
Nxf3+ 15. Bxf3 Qxd2 16. Bxd2 Bxc2 17. Rc1 Bf5 18. Be3 Be6 19. Red1 f5 20. h3
Bf6 21. b4 Bxa2 22. Rd7 Re7 23. Rcd1 Bd5 24. Rxe7 Bxe7 25. Bxd5 cxd5 26. Rxd5
Bxb4 27. Rb5 a5 28. Rxb7 Bc3 29. Bc5 Rd8 30. Kf1 Kg7 31. Ke2 Kg6 32. Rb6+ f6
33. Ra6 Rd5 34. Bf8 f4 35. Ra7 h5 36. Rg7+ Kf5 37. Rh7 Ke4 38. Re7+ Be5 39. Rh7
Bd6 40. Bxd6 Rxd6 41. Re7+ Kf5 42. Ra7 Rd5 43. Rh7 Ke4 44. Rc7 a4 45. Rc4+ Rd4
46. Rc5 Rb4 47. Rxh5 Rb2+ 48. Ke1 a3 0-1

[Event "26th WSCC 2016 Open 65+"]
[Site "Marianske Lazne, Czech Republic - Hotel Cristal and Continental"]
[Date "2016.11.28"]
[Round "9.67"]
[White "Diaz Franco, Francisco Jorge"]
[Black "Slechta, Karel"]
[Result "0-1"]
[WhiteElo "2019"]
[BlackElo "1872"]
[PlyCount "42"]
[EventDate "2016.11.19"]

1. c4 c5 2. Nc3 Nc6 3. Nf3 Nf6 4. e3 d5 5. cxd5 Nxd5 6. d4 cxd4 7. Nxd4 Nxc3 8.
bxc3 e5 9. Nb5 Qxd1+ 10. Kxd1 Bg4+ 11. f3 O-O-O+ 12. Kc2 Be6 13. a4 Bc5 14. Be2
Rd7 15. Rd1 Rxd1 16. Kxd1 Rd8+ 17. Kc2 Na5 18. Na3 Nb3 19. Kb2 Nxa1 20. Kxa1
Bxa3 21. Bxa3 Rd2 0-1

[Event "26th WSCC 2016 Open 65+"]
[Site "Marianske Lazne, Czech Republic - Hotel Cristal and Continental"]
[Date "2016.11.28"]
[Round "9.68"]
[White "Archangelsky, Mikhail"]
[Black "Ben-Zeev, Moshe"]
[Result "1-0"]
[WhiteElo "2054"]
[BlackElo "1943"]
[PlyCount "61"]
[EventDate "2016.11.19"]

1. d4 d5 2. Nf3 Nf6 3. e3 c5 4. c3 cxd4 5. exd4 e6 6. Bd3 Bd6 7. O-O O-O 8. Bg5
h6 9. Bh4 Nbd7 10. Re1 Qc7 11. Nbd2 Re8 12. Qe2 Nh7 13. Bg3 b6 14. Bxd6 Qxd6
15. Ne5 Nxe5 16. dxe5 Qc7 17. Nf3 Nf8 18. Nd4 Bd7 19. Qh5 Rec8 20. Re3 Be8 21.
Qg4 a6 22. Rae1 Qe7 23. h4 g6 24. h5 Kg7 25. f4 Kh7 26. f5 Qg5 27. hxg6+ fxg6
28. Qxg5 hxg5 29. Rh3+ Kg7 30. f6+ Kf7 31. Nf3 1-0

[Event "26th WSCC 2016 Open 65+"]
[Site "Marianske Lazne, Czech Republic - Hotel Cristal and Continental"]
[Date "2016.11.28"]
[Round "9.69"]
[White "Schmieder, Siegfried"]
[Black "Briza, Jiri"]
[Result "0-1"]
[WhiteElo "2052"]
[BlackElo "1941"]
[PlyCount "68"]
[EventDate "2016.11.19"]

1. e4 e5 2. Nc3 Nf6 3. Bc4 Bc5 4. f4 Nc6 5. d3 exf4 6. Bxf4 d6 7. Bg5 h6 8. Bh4
g5 9. Bg3 Bg4 10. Qd2 Qd7 11. Nf3 Bxf3 12. gxf3 Nh5 13. Bb5 a6 14. Ba4 b5 15.
Bb3 Nd4 16. Rf1 Nxg3 17. hxg3 c6 18. Ne2 Qh3 19. O-O-O Nxe2+ 20. Qxe2 Qxg3 21.
d4 Qf4+ 22. Kb1 Bb6 23. a4 O-O 24. d5 c5 25. axb5 axb5 26. Qxb5 Bd8 27. e5 Qxe5
28. Rde1 Qf4 29. Re4 Qd2 30. Qc6 Bf6 31. Qxd6 Bg7 32. Qxc5 Ra5 33. Qe3 Qxe3 34.
Rxe3 Rfa8 0-1

[Event "26th WSCC 2016 Open 65+"]
[Site "Marianske Lazne, Czech Republic - Hotel Cristal and Continental"]
[Date "2016.11.28"]
[Round "9.70"]
[White "Reynolds, D Ian W"]
[Black "Abel, Hans-Peter"]
[Result "1/2-1/2"]
[WhiteElo "2040"]
[BlackElo "1923"]
[PlyCount "52"]
[EventDate "2016.11.19"]

1. e4 g6 2. d4 Bg7 3. Nc3 d6 4. f4 Nf6 5. Nf3 O-O 6. Be2 b6 7. O-O e6 8. e5
dxe5 9. fxe5 Nd5 10. Ne4 h6 11. c4 Ne7 12. Ng3 Bb7 13. Be3 Nd7 14. Qd2 Kh7 15.
Bd3 Nf5 16. Bxf5 exf5 17. Rfe1 Re8 18. Re2 c6 19. Rae1 Nf8 20. Rd1 Qe7 21. Ree1
Rad8 22. Ne2 f6 23. exf6 Qxf6 24. Bf4 Qf7 25. Qc2 Nd7 26. Nc1 Rxe1+ 1/2-1/2

[Event "26th WSCC 2016 Open 65+"]
[Site "Marianske Lazne, Czech Republic - Hotel Cristal and Continental"]
[Date "2016.11.28"]
[Round "9.71"]
[White "Marcovici, Adrian"]
[Black "Kock, Hans-Uwe"]
[Result "1/2-1/2"]
[WhiteElo "1906"]
[BlackElo "2037"]
[PlyCount "47"]
[EventDate "2016.11.19"]

1. e4 c6 2. d4 d5 3. f3 g6 4. Nc3 Bg7 5. Be3 h5 6. Nge2 Nh6 7. h3 dxe4 8. fxe4
e6 9. Qd2 Nd7 10. O-O-O Qa5 11. Kb1 b5 12. Nc1 Qd8 13. Be2 Nf6 14. Bf3 Nhg8 15.
Nd3 Nd7 16. Rhe1 Bb7 17. e5 Qc7 18. Ne4 Bf8 19. Bf4 a6 20. Nd6+ Bxd6 21. exd6
Qb6 22. Ne5 Rh7 23. d5 cxd5 24. Nxg6 1/2-1/2

[Event "26th WSCC 2016 Open 65+"]
[Site "Marianske Lazne, Czech Republic - Hotel Cristal and Continental"]
[Date "2016.11.28"]
[Round "9.72"]
[White "Prachar, Josef"]
[Black "Bakalar, Jan"]
[Result "1/2-1/2"]
[WhiteElo "1918"]
[BlackElo "2033"]
[PlyCount "22"]
[EventDate "2016.11.19"]

1. d4 Nf6 2. c4 e6 3. Nc3 Bb4 4. f3 O-O 5. e4 d6 6. Bd3 c5 7. d5 Bxc3+ 8. bxc3
e5 9. Ne2 Nbd7 10. g4 h5 11. g5 Ne8 $11 1/2-1/2

[Event "26th WSCC 2016 Open 65+"]
[Site "Marianske Lazne, Czech Republic - Hotel Cristal and Continental"]
[Date "2016.11.28"]
[Round "9.73"]
[White "Pokora, Lubomir"]
[Black "Hastik, Svatopluk"]
[Result "0-1"]
[WhiteElo "1895"]
[BlackElo "2023"]
[PlyCount "76"]
[EventDate "2016.11.19"]

1. e4 g6 2. d4 Bg7 3. c3 d6 4. Bc4 Nf6 5. Qe2 O-O 6. Nf3 c6 7. Bb3 a5 8. O-O b6
9. Rd1 Ba6 10. Qe1 e6 11. e5 Ne8 12. Bf4 d5 13. Qe3 Qd7 14. Bh6 Bxh6 15. Qxh6
Be2 16. Re1 Bxf3 17. gxf3 c5 18. Nd2 Ng7 19. Bc2 cxd4 20. cxd4 Nc6 21. Qf4 Nb4
22. Bb1 Rfc8 23. a3 Nc2 24. Bxc2 Rxc2 25. b4 a4 26. Rec1 Rac8 27. Nf1 h5 28.
Rxc2 Rxc2 29. Ne3 Rc3 30. Nd1 Rc7 31. Rc1 Qc8 32. Rxc7 Qxc7 33. Qd2 Nf5 34. Kg2
Qc4 35. Nc3 Qb3 36. Kf1 Qxa3 37. Nb5 Qxf3 38. Qg5 Qd3+ 0-1

[Event "26th WSCC 2016 Open 65+"]
[Site "Marianske Lazne, Czech Republic - Hotel Cristal and Continental"]
[Date "2016.11.28"]
[Round "9.74"]
[White "Hocevar, Nikola"]
[Black "Racek, Jiri"]
[Result "1/2-1/2"]
[WhiteElo "1910"]
[BlackElo "2018"]
[PlyCount "80"]
[EventDate "2016.11.19"]

1. Nf3 Nf6 2. g3 g6 3. Bg2 Bg7 4. O-O c5 5. c4 O-O 6. Nc3 d5 7. cxd5 Nxd5 8.
Qb3 Nb4 9. a3 Be6 10. Qd1 N4c6 11. Ng5 Bc4 12. d3 Ba6 13. Be3 h6 14. Nge4 b6
15. f4 f5 16. Nd2 Bb7 17. Rb1 Na5 18. Bxb7 Nxb7 19. Qb3+ Kh7 20. Qd5 Qc8 21.
Bf2 e6 22. Qg2 Qd7 23. Rfc1 Nc6 24. Nf3 e5 25. Rd1 exf4 26. gxf4 Nd6 27. e3 b5
28. Nd5 Rae8 29. Kh1 Ne7 30. Nxe7 Qxe7 31. Rg1 Rf6 32. Bh4 g5 33. Nxg5+ hxg5
34. Bxg5 Kg8 35. Bxf6 Qxf6 36. Qd5+ Qe6 37. Qxc5 Rc8 38. Qxa7 Ne8 39. Rg2 Rc7
40. Qd4 Kh7 1/2-1/2

[Event "26th WSCC 2016 Open 65+"]
[Site "Marianske Lazne, Czech Republic - Hotel Cristal and Continental"]
[Date "2016.11.28"]
[Round "9.75"]
[White "Ilyes, Peter"]
[Black "Gromark, Per-Olof"]
[Result "1/2-1/2"]
[WhiteElo "1892"]
[BlackElo "2015"]
[PlyCount "124"]
[EventDate "2016.11.19"]

1. Nf3 d5 2. d3 c5 3. g3 Nf6 4. Bg2 e6 5. O-O Nc6 6. Nbd2 Be7 7. e4 b6 8. e5
Nd7 9. Re1 Bb7 10. c3 Qc7 11. Qe2 O-O 12. Nf1 b5 13. Bf4 b4 14. h4 bxc3 15.
bxc3 Rab8 16. h5 h6 17. N1h2 Rfc8 18. Ng4 Bf8 19. Nh4 Qa5 20. Bd2 Qa4 21. Bxd5
Nd4 22. cxd4 Bxd5 23. dxc5 Rb2 24. Ne3 Ba8 25. Nc4 Rxa2 26. Rxa2 Qxa2 27. d4
Rb8 28. Ng2 Bd5 29. Nge3 Rb1 30. Rxb1 Qxb1+ 31. Qf1 Qe4 32. Nxd5 exd5 33. c6
dxc4 34. cxd7 Qxd4 35. Qxc4 Qxd7 36. Qe2 Bc5 37. Bc3 Qe6 38. Qb5 Bb6 39. Kg2
Qf5 40. Qe2 Qc8 41. Bb2 Qc6+ 42. Kh3 a5 43. f4 a4 44. f5 Qd5 45. Kh2 Bc5 46. f6
a3 47. Qg4 Qd2+ 48. Kh3 Qg5 49. Qxg5 hxg5 50. Ba1 gxf6 51. exf6 Bf8 52. g4 Bh6
53. Kg2 Kf8 54. Kf3 Ke8 55. Ke4 Kd7 56. Kd5 Kc7 57. Be5+ Kd7 58. Bd6 a2 59. Be5
Bf8 60. Ba1 Kc7 61. Bd4 Kb7 62. Ba1 Kc7 1/2-1/2

[Event "26th WSCC 2016 Open 65+"]
[Site "Marianske Lazne, Czech Republic - Hotel Cristal and Continental"]
[Date "2016.11.28"]
[Round "9.76"]
[White "Auvinen, Esa"]
[Black "Andreas, Guenter"]
[Result "1/2-1/2"]
[WhiteElo "1887"]
[BlackElo "2006"]
[PlyCount "43"]
[EventDate "2016.11.19"]

1. e4 e5 2. Nf3 Nc6 3. Bb5 a6 4. Bxc6 dxc6 5. d4 exd4 6. Qxd4 Be6 7. Bf4 Qxd4
8. Nxd4 O-O-O 9. Nxe6 fxe6 10. Nc3 Be7 11. Rd1 Nf6 12. Rxd8+ Rxd8 13. f3 Bb4
14. Bd2 b5 15. Ke2 c5 16. Nb1 Bxd2 17. Nxd2 c4 18. Nb1 h5 19. Rd1 Rxd1 20. Kxd1
Kd7 21. Kd2 g5 22. Ke3 1/2-1/2